One Piece Quiz (Facile) - Statistiques

Statistiques générales
  • Ce quiz a été pris 136 fois
  • Le résultat moyen est 8 sur 10
Statistiques - réponses
Question Réponse % Correct
Comment se nomme le personnage principale de One Piece ? Luffy
100%
Comment se nomme l'homme qui a sacrifier son bras pour Luffy ? Shanks
97%
Qui est le premier membre à rejoindre l'équipage du Chapeau de Paille ? Zoro
97%
Quels sont les personnages que Luffy considère comme ses frères ? Sabo et Ace
95%
Sur quelle île Luffy se bat-il contre Crocodile ? Alabasta
94%
Comment se nomme le bateau de Gol D. Roger L'Oro Jackson
92%
Quel type de fruit du démon permet de se transformer en animal ? Zoan
87%
Quel est le fruit du démon mangé par Barbe Blanche ? Gura Gura No Mi
57%
Combien de Supernovas sont introduits à Sabaody ? 11
55%
Combien de personnages portent la lettre D dans leur nom dans One Piece ? 10
21%
Aucun quiz correspondant
Distribution des résultats
% des personnes avec chaque résultat
Percentile par nombre de réponses
Votre historique - résultats
Vous n’avez pas pris ce quiz